Dream smp members (jan 2021) - Statistics

General Stats
  • This quiz has been taken 3,273 times
  • The average score is 23 of 31
Answer Stats
Answer % Correct
dream team green dream
100%
dream team colourblind george
99%
dream team arson sapnap
97%
lmanberg mellohi tommy
97%
bandlands language bad
96%
lmanberg furry fundy
94%
badlands diamond skeppy
93%
nothing ? pig technoblade
93%
lmanberg unfinished symphony wilbur
92%
i don’t know :/ dad philza
90%
lmanberg alter egos tubbo
90%
lmanberg ME PERDONASS quackity
89%
badlands/ lmanberg ‘traitor’ eret
86%
badlands/ lmanberg bakery niki
85%
i don’t even know honk karl
77%
badlands bedwars purpled
72%
badlands w o m a n 2.0 puffy
71%
badlands sonic the hedgehog connor
68%
badlands cat antfrost
67%
lmanberg book n quill ranboo
65%
badlands roadman innit ponk
61%
lmanerg fall of bridge :)) jack manifold
59%
guest fortnite ninja
59%
badlands? a true hey mamas kid punz
57%
badlands w o m a n alyssa
56%
badlands redstone sam
55%
badlands maid dress hbomb
49%
badlands superhero callahan
48%
dead 😃 heart attack jshlatt
46%
guest sidemen KSI
42%
guest no face corpse
41%
No matching quizzes found
Score Distribution
Percent of People with Each Score
Percentile by Number Answered
Your Score History
You have not taken this quiz